000 03223nam a2200265 i 4500
001 Rebiun16193181
003 AR-RoIUNI
005 20210901095855.0
006 m o d
007 cr cn|| |||||
008 151106s20152015sp a ob d 001 0 spa d
020 _z9788490225356
020 _a9788490225868 (
_qe-book)
040 _aUM
_cIUNIR
080 _a614.253.5(0.034)
100 1 _aPotter, Patricia A.
245 1 0 _aFundamentos de enfermería [
_h/
_cPatricia A. Potter, Anne Griffin Perry... [et al.].
250 _a8a. ed.
260 _aBarcelona :
_bElsevier,
_c2015.
505 0 _aUnidad 1 Enfermería y entorno de cuidados de salud Capítulo 1 La enfermería en la actualidad Capítulo 2 Sistema de prestación de cuidados sanitarios Capítulo 3 Práctica de la enfermería basada en la comunidad Capítulo 4 Fundamentos teóricos de la práctica enfermera Capítulo 5 Práctica basada en la evidencia Unidad 2 Cuidados durante toda la vida Capítulo 6 Salud y bienestar Capítulo 7 Cuidar en la práctica enfermera Capítulo 8 Cuidados al superviviente del cáncer Capítulo 9 Cultura y etnicidad Capítulo 10 Cuidado de las familias Capítulo 11 Teorías del desarrollo Capítulo 12 De la concepción a la adolescencia Capítulo 13 Adultos jóvenes y de mediana edad Capítulo 14 Ancianos Unidad 3 Pensamiento crítico en la práctica de enfermería Capítulo 15 Pensamiento crítico en la práctica enfermera Capítulo 16 Valoración de enfermería Capítulo 17 Diagnóstico de enfermería Capítulo 18 Planificación de los cuidados de enfermería Capítulo 19 Implementación de los cuidados Capítulo 20 Evaluación Capítulo 21 Gestionar la atención al paciente Unidad 4 Estándares profesionales en la práctica de enfermería Capítulo 22 Ética y valores Capítulo 23 Implicaciones legales en la práctica enfermera Capítulo 24 Comunicación Capítulo 25 Educación del paciente Capítulo 26 Documentación e informática Unidad 5 Fundamentos de la práctica de enfermería Capítulo 27 Seguridad del paciente Capítulo 28 Prevención y control de infecciones Capítulo 29 Constantes vitales Capítulo 30 Valoración de salud y exploración física Capítulo 31 Administración de medicamentos Capítulo 32 Terapias complementarias y alternativas Unidad 6 Bases psicosociales de la práctica de enfermería Capítulo 33 Autoconcepto Capítulo 34 Sexualidad Capítulo 35 Salud espiritual Capítulo 36 La experiencia de la pérdida, la muerte y el duelo Capítulo 37 Estrés y afrontamiento Unidad 7 Bases fisiológicas de la práctica de enfermería Capítulo 38 Actividad y ejercicio Capítulo 39 Higiene Capítulo 40 Oxigenación Capítulo 41 Equilibrio de líquidos, electrólitos y ácido-base Capítulo 42 Sueño Capítulo 43 Tratamiento del dolor Capítulo 44 Nutrición Capítulo 45 Eliminación urinaria Capítulo 46 Eliminación intestinal Capítulo 47 Movilidad e inmovilidad Capítulo 48 Integridad de la piel y cuidado de heridas Capítulo 49 Alteraciones sensoriales Capítulo 50 Cuidados en el paciente quirúrgico
650 4 _aEnfermería
_986
650 4 _aPráctica de enfermería
655 7 _2UMU
942 _2cdu
_cBK
999 _c4534
_d4534